La nación holandesa
Saved in:
| Hovedforfatter: | |
|---|---|
| Format: | Bog |
| Sprog: | spansk |
| Udgivet: |
Ciudad de México
Fondo de Cultura Económica
1945
|
| Fag: | |
| Tags: |
Tilføj Tag
Ingen Tags, Vær først til at tagge denne postø!
|
MARC
| LEADER | 00000nam a2200000 a 4500 | ||
|---|---|---|---|
| 001 | UCP5994 | ||
| 003 | CL-VaPUC | ||
| 008 | 991008e19450000MX |||||||||||||||||spa|d | ||
| 082 | 0 | 4 | |a 949.2 |b LAN |2 21 |
| 100 | 0 | |a Landheer, Bartholomew |e author |9 434734 | |
| 245 | 1 | 3 | |a La nación holandesa |
| 300 | |a 461 p | ||
| 942 | |c BK | ||
| 945 | |d 19991008 00:00:00 |a crobeson | ||
| 260 | |a Ciudad de México |b Fondo de Cultura Económica |c 1945 | ||
| 650 | 0 | |a Historia de Holanda |9 434735 | |
| 650 | 0 | |a Historia política |9 256974 | |
| 650 | 0 | |a Historia constitucional |9 256052 | |
| 650 | 0 | |a Desarrollo económico y social |9 256320 | |
| 650 | 0 | |a Historia social |9 313638 | |
| 651 | 0 | |a Holanda |9 267234 | |
| 583 | |a last modification |c 19991008 00:00:00 |k Rodrigo Vera | ||
| 999 | |c 283631 |d 283629 | ||
| 952 | |0 0 |1 0 |4 0 |6 949_200000000000000_LAN_1945 |7 0 |8 X |9 326920 |a BIBHIS |b BIBHIS |d 2019-11-20 |i 1358855 |o 949.2 LAN 1945 |p 1358855 |r 2024-01-30 |w 2019-11-20 |y BK_X |k HIS | ||